Oxford Dictionary of Philosophy (Record no. 11863)

MARC details
000 -LEADER
fixed length control field 00433nam a2200169 a 4500
020 ## - INTERNATIONAL STANDARD BOOK NUMBER
ISBN 0196940
082 00 - DEWEY DECIMAL CLASSIFICATION NUMBER
Classification number 103
Author Cutter BLA C2
100 ## - MAIN ENTRY--AUTHOR NAME
Author name Blackburn, Simon
245 ## - TITLE STATEMENT
Title Oxford Dictionary of Philosophy
260 ## - PUBLICATION, DISTRIBUTION, ETC. (IMPRINT)
Place of publication London
Name of publisher Oxford University Press
Year of publication 1994
300 ## - PHYSICAL DESCRIPTION
Number of Pages 407p
500 ## - GENERAL NOTE
General note includes index and biblioraphy
505 2# - FORMATTED CONTENTS NOTE
Formatted contents note Appendix
650 ## - SUBJECT ADDED ENTRY--TOPICAL TERM
Topical Term Philosophy-Dictionary
942 ## - ADDED ENTRY ELEMENTS (KOHA)
Koha item type Books
700 1# -
-- Blackburn, Simon
Holdings
Collection code Home library Current library Shelving location Date acquired Cost, normal purchase price Full call number Accession Number Koha item type Source of acquisition
Reference Henry Martyn Institute Library Henry Martyn Institute Library Reference 08/30/2007 575.00 103 BLA C1 016868 Books  
  Henry Martyn Institute Library Henry Martyn Institute Library General stacks 08/21/2018 995.00 103 BLA C2 25522 Books Kohinoor Book Distributors
                   Copyright © 2026 | Henry Martyn Institute | Hyderabad | TS-500052 | INDIA | Implemented by hmi.edu.in
Hit-Count:

Powered by Koha